42 Game Of Thrones characters - Statistics

General Stats
  • This quiz has been taken 213 times
  • The average score is 36 of 42
Answer Stats
Picture Answer % Correct
Jon Snow
99%
Tyrion Lannister
99%
Arya Stark
97%
Robb Stark
97%
Brandon Stark
96%
Lord Eddard Stark
96%
Sansa Stark
96%
Theon Greyjoy
96%
Cersei Lannister
95%
Lord Tywin Lannister
95%
Ser Jaime Lannister
95%
Khal Drogo
94%
Ramsay Bolton
94%
Ser Sandor Clegane
94%
Stannis Baratheon
94%
Joffrey Baratheon
93%
Lord Varys
93%
Petyr Baelish
93%
Queen Daenerys Stormborn of the House Targaryen, the First of Her Name, Queen of the Andals, the Rhoynar and the First Men, Lady of the Seven Kingdoms and Protector of the Realm, Lady of Dragonstone, Khaleesi of the Great Grass Sea, the Unburnt and Mother of Dragons
93%
Samwell Tarly
93%
Hodor
92%
Lady Catelyn Stark
92%
Ser Jorah Mormont
92%
Lady Brienne of Tarth
91%
Margaery Tyrell
91%
Bronn
90%
Ygritt
90%
Ser Davos Seaworth
88%
Shae
88%
Gilly
87%
Missendei
86%
Lady Melisandre
85%
Osha
75%
The High Sparrow
73%
Grand Maester Pycell
69%
Jojen Reed
69%
Edmure Tully
67%
Ser Barristan Selmy
64%
Talisa Stark
64%
Maester Luwin
62%
Jaqen H'Ghar
53%
Ser Loras Tyrrell
35%
No matching quizzes found
Score Distribution
Percent of People with Each Score
Percentile by Number Answered
Your Score History
You have not taken this quiz